Discographie des Cowboys Fringants (1998-2023) - Statistiques

Statistiques générales
  • Ce quiz a été pris 119 fois
    93 depuis la dernière actualisation
  • Le résultat moyen est 58 sur 171
Statistiques - réponses
Group 1111 % Correct
Octobre (2015) Octobre
92%
La grand-messe (2004) Les étoiles filantes
89%
Les antipodes (2019) L’Amérique pleure
87%
Pub Royal (2024) La fin du show
84%
Les antipodes (2019) Sur mon épaule
84%
Break syndical (2002) La manifestation
82%
La grand-messe (2004) 8 secondes
79%
La grand-messe (2004) Plus rien
79%
La grand-messe (2004) Ti-cul
79%
Break syndical (2002) En berne
76%
Octobre (2015) Pub Royal
76%
L'expédition (2008) Droit devant
74%
Octobre (2015) Marine marchande
74%
Motel Capri (2001) Le shack à Hector
71%
Que du vent (2011) Paris - Montréal
71%
La grand-messe (2004) La reine
68%
Octobre (2015) Pizza galaxie
68%
L'expédition (2008) La tête haute
66%
Les antipodes (2019) Les maisons toutes pareilles
66%
Que du vent (2011) Que du vent
66%
L'expédition (2008) Tant qu’on aura de l’amour
66%
Break syndical (2002) Toune d’automne
66%
L'expédition (2008) Chêne et roseau
63%
Pub Royal (2024) Loulou (partie II)
63%
Que du vent (2011) Comme Joe Dassin
61%
L'expédition (2008) Entre deux taxis
61%
La grand-messe (2004) Intro
58%
Break syndical (2002) Break syndical
55%
Les antipodes (2019) Ici-bas
55%
L'expédition (2008) La Catherine
55%
Les antipodes (2019) La traversée (de l’Atlantique en 1774)
55%
Octobre (2015) Bye bye Lou
53%
Enfin réunis : 12 grandes chansons / Sur mon canapé (1998) | Motel Capri (2001) Marcel Galarneau
53%
Les nuits de Repentigny (2021) Sous-sol
53%
Que du vent (2011) Télé
53%
Pub Royal (2024) Bienvenue chez nous
50%
Break syndical (2002) Heavy metal
50%
La grand-messe (2004) Lettre à Lévesque
50%
Break syndical (2002) L’hiver approche
50%
Que du vent (2011) L’horloge
50%
Pub Royal (2024) Loulou vs Loulou
50%
Pub Royal (2024) Merci ben !
50%
L'expédition (2008) Monsieur
50%
L'expédition (2008) Histoire de pêche
47%
Break syndical (2002) Joyeux calvaire!
47%
Break syndical (2002) Mon chum Rémi
47%
Les antipodes (2019) Saint-profond
47%
La grand-messe (2004) Camping Ste-Germaine
45%
La grand-messe (2004) Hannah
45%
L'expédition (2008) La bonne pomme
45%
Octobre (2015) Les feuilles mortes
45%
La grand-messe (2004) Ma belle Sophie
45%
La grand-messe (2004) Shish Taouk
45%
Motel Capri (2001) Un p’tit tour
45%
Enfin réunis : 12 grandes chansons / Sur mon canapé (1998) | Motel Capri (2001) Awikatchikaën
42%
Octobre (2015) Les vers de terre
42%
Break syndical (2002) Ruelle Laurier (suivie de La Toune Cachée)
42%
La grand-messe (2004) Ces temps-ci
39%
Que du vent (2011) Shooters
39%
Sur un air de déjà vu (2008) Sur un air de déjà vu
39%
La grand-messe (2004) Symphonie pour Caza
39%
Pub Royal (2024) Y'est 3 heures on ferme !
39%
Que du vent (2011) Hasbeen
37%
Octobre (2015) La la la
37%
Break syndical (2002) La tête à Papineau
37%
L'expédition (2008) Les hirondelles
37%
Octobre (2015) Mon grand-père
37%
Break syndical (2002) Salut mon Ron
37%
Break syndical (2002) À ‘polyvalente
34%
L'expédition (2008) Bobo
34%
Octobre (2015) La dévisse
34%
Enfin réunis : 12 grandes chansons / Sur mon canapé (1998) Le plombier
34%
Motel Capri (2001) Le Plombier
34%
Les nuits de Repentigny (2021) Les nuits de Repentigny
34%
Octobre (2015) Louis Hébert
34%
Que du vent (2011) Party!
34%
Pub Royal (2024) Questions sans réponses
34%
Enfin réunis : 12 grandes chansons / Sur mon canapé (1998) | Motel Capri (2001) Banlieue
32%
Motel Capri (2001) Le gars d’la compagnie
32%
Pub Royal (2024) Les cheveux blancs
32%
Enfin réunis : 12 grandes chansons / Sur mon canapé (1998) | Motel Capri (2001) Maurice au bistro
32%
Les antipodes (2019) Mononc’ André
32%
Sur un air de déjà vu (2008) Par chez nous
32%
Motel Capri (2001) Québécois de souche
32%
Pub Royal (2024) (re)Bienvenue chez vous
32%
L'expédition (2008) Rue des souvenirs
32%
La grand-messe (2004) Si la vie vous intéresse
32%
Les antipodes (2019) Suzie Prudhomme
32%
Sur un air de déjà vu (2008) Beau-frère
29%
Sur un air de déjà vu (2008) Chanteur pop
29%
Les antipodes (2019) D’une tristesse
29%
La grand-messe (2004) En attendant (Le reel de nos gens)
29%
La grand-messe (2004) Épilogue (Si tu penses un peu comme ça)
29%
Motel Capri (2001) Léopold - Le temps perdu
29%
Octobre (2015) So so
29%
L'expédition (2008) Train de vie
29%
L'expédition (2008) Une autre journée qui se lève
29%
Les antipodes (2019) Johnny pou
26%
Octobre (2015) La cave
26%
Que du vent (2011) Marilou s’en fout
26%
Enfin réunis : 12 grandes chansons / Sur mon canapé (1998) Mon pays (reel des aristocrates)
26%
Sur un air de déjà vu (2008) 1994
24%
Break syndical (2002) La noce
24%
Motel Capri (2001) Mon pays / le réel des aristocrates
24%
Que du vent (2011) On tient l’coup
24%
Motel Capri (2001) Su’ mon big wheel (c'tait l’fun)
24%
Motel Capri (2001) Voyou
24%
Que du vent (2011) Classe moyenne (Avec anchois)
21%
Les nuits de Repentigny (2021) En business
21%
Les nuits de Repentigny (2021) Fin d’hiver
21%
Enfin réunis : 12 grandes chansons / Sur mon canapé (1998) Gaétane
21%
Octobre (2015) Oktoberfest
21%
Motel Capri (2001) Le pouceux
18%
Enfin réunis : 12 grandes chansons / Sur mon canapé (1998) Les Routes du bonheur
18%
Break syndical (2002) Quand je r’garde
18%
Pub Royal (2024) Vie et mort de Gina Pinard
18%
Pub Royal (2024) Des espoirs de cause
16%
Les nuits de Repentigny (2021) Épique Éric
16%
Enfin réunis : 12 grandes chansons / Sur mon canapé (1998) Impala blues
16%
Pub Royal (2024) Les bonnes continuations
16%
Pub Royal (2024) On fait quoi maintenant ?
16%
Sur un air de déjà vu (2008) Titi Tancrède / Le reel d’la fesse
16%
Sur un air de déjà vu (2008) Au pays des sapins géants
13%
Enfin réunis : 12 grandes chansons / Sur mon canapé (1998) Évangéline
13%
Enfin réunis : 12 grandes chansons / Sur mon canapé (1998) Grosse femme
13%
Sur un air de déjà vu (2008) La ballade de Jipi Labrosse
13%
Les nuits de Repentigny (2021) Noël brun
13%
Sur un air de déjà vu (2008) Pittoresque !
13%
Sur un air de déjà vu (2008) Vacances 31
13%
Enfin réunis : 12 grandes chansons / Sur mon canapé (1998) Denise Martinez
11%
Enfin réunis : 12 grandes chansons / Sur mon canapé (1998) Dieudonné Rastapopoulos
11%
Enfin réunis : 12 grandes chansons / Sur mon canapé (1998) L’agacepésie
11%
Les nuits de Repentigny (2021) Le p’tit Tommy
11%
Motel Capri (2001) M’a vivre avec toi
11%
Sur un air de déjà vu (2008) Normal Tremblay
11%
Sur un air de déjà vu (2008) Quand tu pars
11%
Les nuits de Repentigny (2021) Anguille sous roche
8%
Enfin réunis : 12 grandes chansons / Sur mon canapé (1998) Cass de pouëlle
8%
Sur un air de déjà vu (2008) Döner au suivant
8%
Les nuits de Repentigny (2021) Fille de club
8%
Enfin réunis : 12 grandes chansons / Sur mon canapé (1998) Goldie
8%
Les nuits de Repentigny (2021) Graseille
8%
Les nuits de Repentigny (2021) La grippe
8%
Les nuits de Repentigny (2021) Le cœur battant
8%
Les nuits de Repentigny (2021) Le long d’la 20
8%
Les nuits de Repentigny (2021) Party d’pouel
8%
Sur un air de déjà vu (2008) Rentre à pied
8%
Enfin réunis : 12 grandes chansons / Sur mon canapé (1998) Repentigny-by-the-Sea
8%
Sur un air de déjà vu (2008) Sans tambour ni trompette
8%
Les nuits de Repentigny (2021) Autodium
5%
Les nuits de Repentigny (2021) Dans son ciel
5%
Enfin réunis : 12 grandes chansons / Sur mon canapé (1998) La Culbute
5%
Les nuits de Repentigny (2021) La Louisiane
5%
Les nuits de Repentigny (2021) Le clochard et la lune
5%
Enfin réunis : 12 grandes chansons / Sur mon canapé (1998) Le Hurlot
5%
Enfin réunis : 12 grandes chansons / Sur mon canapé (1998) Le Quai de Berthier
5%
Les nuits de Repentigny (2021) Pizza Barbas
5%
Enfin réunis : 12 grandes chansons / Sur mon canapé (1998) Plattsburg
5%
Les nuits de Repentigny (2021) Rock camisole
5%
Les nuits de Repentigny (2021) Vidéo de la Pointe
5%
Enfin réunis : 12 grandes chansons / Sur mon canapé (1998) Willie Jos Hachey
5%
Sur un air de déjà vu (2008) La blues d’la vie
3%
Enfin réunis : 12 grandes chansons / Sur mon canapé (1998) La Gosse à Comeau
3%
Les nuits de Repentigny (2021) Paul
3%
Enfin réunis : 12 grandes chansons / Sur mon canapé (1998) Spécial #6
3%
Les nuits de Repentigny (2021) Portrait #4
0%
Motel Capri (2001) Rue Chapledaine
0%
Aucun quiz correspondant
Distribution des résultats
% des personnes avec chaque résultat
Percentile par nombre de réponses
Votre historique - résultats
Vous n’avez pas pris ce quiz depuis la dernière actualisation